Countries of Europe by Altitude Difference Quiz Stats

 Plays Quiz not verified by Sporcle

Challenge
Share
Tweet
Embed
Score 0/46 Timer 10:00
1 Play Today
meter country % Correct
4809France
96.7%
4807Italy
96.3%
3718Spain
95.2%
5661Russia
94.9%
5166Turkey
94.1%
2917Greece
91.2%
3683Austria
88.3%
4439Switzerland
87.9%
2965Germany
84.6%
2864Slovenia
83.5%
2925Bulgaria
82.8%
2469Norway
82.1%
2351Portugal
81.3%
2753Albania
80.6%
2119Iceland
78%
1328Finland
77.7%
2544Romania
77.7%
1041Ireland
75.5%
2113Sweden
75.1%
2703Republic of Macedonia
74%
2061Ukraine
72.9%
1951Cyprus
72.2%
1347United Kingdom
72.2%
meter country % Correct
292Lithuania
71.8%
329Netherlands
71.8%
318Estonia
71.4%
2628Serbia incl. Kosovo
70.7%
1830Croatia
70.3%
2169Liechtenstein
70%
2523Montenegro
69.2%
56Vatican City
68.5%
312Latvia
68.5%
2106Andorra
66.7%
694Belgium
66.3%
2386Bosnia and Herzegovina
65.2%
180Denmark
64.5%
1487Czech Republic
64.1%
426Luxembourg
64.1%
2561Slovakia
64.1%
694San Marino
63.7%
140Monaco
62.6%
253Malta
61.9%
2501Poland
61.5%
936Hungary
61.2%
428Moldova
56.8%
256Belarus
54.6%

You're not logged in!

Compare scores with friends on all Sporcle quizzes.
OR
Log In

You Might Also Like...

Show Comments

Extras

Top Quizzes Today


Score Distribution

Your Account Isn't Verified!

In order to create a playlist on Sporcle, you need to verify the email address you used during registration. Go to your Sporcle Settings to finish the process.

Report this User

Report this user for behavior that violates our Community Guidelines.

Details: